000 00965cab a2200301 4500
001 ABS58770
008 090401t1998 xxu||||| |||| 00| 0 eng d
035 _a(Sirsi) u86350
041 _aeng
100 _aHolliday, J.
245 _aSuburban cultures
260 _c1998
350 _a0
490 _aPlanning (for the Natural and Built Environment)
_v(1266) 1 May 1998, 21-22(2)
520 _aAsks whether the days of low-density suburban developments and large subsidies for agriculture are numbered. Argues that we are entering a new age of countryside planning as the growing urban sprawl continues.
650 _aCHANGE
650 _aCOUNTRYSIDE
650 _aGREEN BELT
650 _aHOUSING NEED
650 _aPLANNING ISSUES
650 _aRURAL PLANNING
650 _aSUBURBAN DEVELOPMENT
650 _aSUSTAINABLE DEVELOPMENT
650 _aURBAN SPRAWL
690 _aPLANNING LAW AND PRACTICE
942 _n0
948 _c21/05/1998
999 _c54342
_d54342